Ako na špeciálne DVD projekty

Bibliographic Details
Main Author: Reiter, Michal (Author)
Format: Article
Language:Slovak
ISSN:1335-0226
Subjects:

MARC

LEADER 00000nab a2200000 a 4500
001 vtls009285849
003 SK-MaSNL
005 20260304153833.0
008 250507c2008 xo |||||||||||000 b|slo
015 |a SNBRB2008/04  |2 snkbucl 
035 |a (uuid)a43f845e-3a93-4cb5-a752-955f074b4f19 
035 |a urn:nbn:sk:snk-ab1269 
035 |a (urnnbn)urn:nbn:sk:snk:ar-a05al7 
038 |a SNKBUCL 
040 |a SNKBUCL  |b slo  |c SNKBUCL  |e AACR2 
041 0 |a slo 
044 |a xo  |c SK 
080 |a 004.9:004.085.4.072.3  |2 2001 
080 |a 004.085.4.072.3  |2 2001 
100 1 |a Reiter, Michal  |4 aut  |9 758687 
245 1 0 |a Ako na špeciálne DVD projekty  |c Michal Reiter 
650 0 7 |a digitálne viacúčelové disky  |2 snkbucl  |9 92161 
650 0 7 |a aplikačný softvér  |2 snkbucl  |9 3704 
650 0 7 |a DVD authoring  |2 snkbucl  |9 1468911 
773 0 |t PC revue  |g Roč. XVI, č. 3 (2008), s. 109  |x 1335-0226 
850 |a Slovenská národná knižnica 
852 |a Slovenská národná knižnica 
954 |a odborná, vedecká literatúra pôvodná (slovenská)  |2 lita 
958 |a article27 
958 |a OND 
958 |a EUIPO 
999 |c 2955151  |d 2957081